Operating systems / (Record no. 25592)
[ view plain ]
| 000 -LEADER | |
|---|---|
| fixed length control field | 01059cam a22003135a 4500 |
| 001 - CONTROL NUMBER | |
| control field | 13596700 |
| 005 - DATE AND TIME OF LATEST TRANSACTION | |
| control field | 20171115143517.0 |
| 008 - FIXED-LENGTH DATA ELEMENTS--GENERAL INFORMATION | |
| fixed length control field | 040518s2004 njua frb 001 0 eng d |
| 010 ## - LIBRARY OF CONGRESS CONTROL NUMBER | |
| LC control number | 2004274094 |
| 020 ## - INTERNATIONAL STANDARD BOOK NUMBER | |
| International Standard Book Number | 0131828274 |
| 040 ## - CATALOGING SOURCE | |
| Original cataloging agency | DLC |
| Language of cataloging | eng |
| Transcribing agency | DLC |
| Modifying agency | EG-ScBUE |
| 082 04 - DEWEY DECIMAL CLASSIFICATION NUMBER | |
| Classification number | 005.43 |
| Item number | DEI |
| Edition number | 22 |
| 100 1# - MAIN ENTRY--PERSONAL NAME | |
| Personal name | Deitel, Harvey M., |
| Dates associated with a name | 1945- |
| 245 10 - TITLE STATEMENT | |
| Title | Operating systems / |
| Statement of responsibility, etc | [Harvey M. Deitel, Paul J. Deitel, David R. Choffnes]. |
| 250 ## - EDITION STATEMENT | |
| Edition statement | 3rd ed. |
| 260 ## - PUBLICATION, DISTRIBUTION, ETC. (IMPRINT) | |
| Place of publication, distribution, etc | Upper Saddle River, NJ : |
| Name of publisher, distributor, etc | Pearson / Prentice Hall, |
| Date of publication, distribution, etc | c.2004. |
| 300 ## - PHYSICAL DESCRIPTION | |
| Extent | 2 v. (lix, 1209 p.) : |
| Other physical details | ill. ; |
| Dimensions | 24 cm. |
| 490 0# - Series Statement | |
| Series statement | Computer science series |
| 504 ## - BIBLIOGRAPHY, ETC. NOTE | |
| Bibliography, etc | Includes bibliographical references and index. |
| 505 0# - FORMATTED CONTENTS NOTE | |
| Formatted contents note | pt. 1. Chapters 1-14 -- pt. 2. Chapters 15-End. |
| 650 #7 - SUBJECT ADDED ENTRY--TOPICAL TERM | |
| Topical term or geographic name as entry element | Operating systems (Computers) |
| Source of heading or term | BUEsh |
| 651 ## - SUBJECT ADDED ENTRY--GEOGRAPHIC NAME | |
| Source of heading or term | BUEsh |
| 653 ## - INDEX TERM--UNCONTROLLED | |
| Resource For college | Engineering, Electrical |
| -- | Informatics and Computer Science |
| Arrived date list | November2017 |
| 655 ## - INDEX TERM--GENRE/FORM | |
| Form subdivision | Text book |
| -- | 33728 |
| 700 1# - ADDED ENTRY--PERSONAL NAME | |
| Personal name | Deitel, Paul J. |
| 700 1# - ADDED ENTRY--PERSONAL NAME | |
| Personal name | Choffnes, David R. |
| 700 1# - ADDED ENTRY--PERSONAL NAME | |
| Personal name | Deitel, Harvey M., |
| Dates associated with a name | 1945- |
| Title of a work | Introduction to operating systems. |
| 942 ## - ADDED ENTRY ELEMENTS (KOHA) | |
| Source of classification or shelving scheme | Dewey Decimal Classification |
| Withdrawn status | Item status | Source of classification or shelving scheme | Damaged status | Not for loan | Vendor | Home library | Current library | Shelving location | Date acquired | Source of acquisition | Cost, normal purchase price | Total Checkouts | Full call number | Barcode | Date last seen | Koha item type | Public note |
|---|---|---|---|---|---|---|---|---|---|---|---|---|---|---|---|---|---|
| Dewey Decimal Classification | Baccah | Central Library | Central Library | Lower Floor | 15/11/2017 | Purchase | 2620.00 | 005.43 DEI | 000046865 | 15/07/2025 | NB - Book (Non borrowing) | VOL. 1. | |||||
| Dewey Decimal Classification | Baccah | Central Library | Central Library | Lower Floor | 15/11/2017 | Purchase | 005.43 DEI | 000046866 | 15/07/2025 | NB - Book (Non borrowing) | VOL. 2. | ||||||
| Dewey Decimal Classification | Baccah | Central Library | Central Library | Lower Floor | 15/11/2017 | Purchase | 005.43 DEI | 000046867 | 15/07/2025 | Book - Borrowing | VOL. 1. | ||||||
| Dewey Decimal Classification | Baccah | Central Library | Central Library | Lower Floor | 15/11/2017 | Purchase | 005.43 DEI | 000046868 | 15/07/2025 | Book - Borrowing | VOL. 2. | ||||||
| Dewey Decimal Classification | Baccah | Central Library | Central Library | Lower Floor | 15/11/2017 | Purchase | 005.43 DEI | 000046869 | 15/07/2025 | Book - Borrowing | VOL. 1. | ||||||
| Dewey Decimal Classification | Baccah | Central Library | Central Library | Lower Floor | 15/11/2017 | Purchase | 005.43 DEI | 000046870 | 15/07/2025 | Book - Borrowing | VOL. 2. |